Umelá inteligencia v digitálnom marketingu diplomová práca

Guardado en:
Detalles Bibliográficos
Autor principal: Fábiková, Tereza
Autor Corporativo: Obchodná fakulta EU. Katedra marketingu
Otros Autores: Ožvoldová, Katarína, 1984-
Formato: Libro
Lenguaje:eslovaco
Publicado: Bratislava 2025
Etiquetas: Agregar Etiqueta
Sin Etiquetas, Sea el primero en etiquetar este registro!

MARC

LEADER 00000nbm a2200000 4500
001 0310123
005 20251104081839.7
041 0 |a slo 
044 |a SK 
245 1 0 |a Umelá inteligencia v digitálnom marketingu  |b diplomová práca  |c Tereza Fábiková ; školiteľ: Katarína Ožvoldová 
264 1 |a Bratislava  |c 2025 
300 |a 69 s. 
100 1 |a Fábiková, Tereza 
700 1 |a Ožvoldová, Katarína, 1984- 
710 2 |a Obchodná fakulta EU. Katedra marketingu